[Event "Rated Blitz game"]
[Site "?"]
[Date "2021.07.24"]
[Round "?"]
[White "mandarria"]
[Black "GoughPhar"]
[Result "1/2-1/2"]
[WhiteElo "2412"]
[BlackElo "2454"]
[PlyCount "122"]
[EventDate "2021.??.??"]
[EventType "blitz"]

1. e4 e5 2. Nf3 d5 3. exd5 e4 4. Qe2 Nf6 5. d3 Qxd5 6. Nbd2 Be7 7. Nxe4 O-O 8.
g3 Nc6 9. Bg2 Bg4 10. c3 Ne5 11. O-O Nxd3 12. Nxf6+ Bxf6 13. Rd1 Rad8 14. Be3
Qf5 15. h3 Bxf3 16. Qxf3 Qxf3 17. Bxf3 Nxb2 18. Rxd8 Rxd8 19. Bxb7 Nc4 20. Bf4
Be5 21. Bxe5 Nxe5 22. Re1 f6 23. f4 Ng6 24. Re4 Rd3 25. Kf2 Rxc3 26. Ra4 h5 27.
h4 Ne7 28. Rxa7 Nf5 29. Bf3 c5 30. a4 Nd4 31. Bxh5 c4 32. Bg6 Kf8 33. a5 Ra3
34. Rf7+ Kg8 35. Rd7 Ne6 36. Bf7+ Kh7 37. Bxe6 c3 38. g4 c2 39. Bf5+ Kh6 40.
Bxc2 Ra2 41. Rc7 Rxa5 42. Rc8 g5 43. hxg5+ fxg5 44. Rc6+ Kg7 45. fxg5 Rxg5 46.
Kg3 Ra5 47. Kf4 Ra3 48. Be4 Ra4 49. Rc7+ Kf6 50. g5+ Ke6 51. Rc6+ Kf7 52. Rb6
Ra5 53. g6+ Kg7 54. Bf5 Ra1 55. Kg5 Rg1+ 56. Bg4 Rf1 57. Rb7+ Kf8 58. g7+ Ke8
59. Be6 Rg1+ 60. Bg4 Rxg4+ 61. Kxg4 Kd8 {Time forfeit} 1/2-1/2

[Event "Rated Blitz tournament HsaTniBK"]
[Site "?"]
[Date "2021.07.24"]
[Round "?"]
[White "MagistrchessRu"]
[Black "batasjon"]
[Result "0-1"]
[WhiteElo "2513"]
[BlackElo "2393"]
[PlyCount "88"]
[EventDate "2021.??.??"]
[EventType "blitz"]

1. e4 e5 2. Nf3 d5 3. exd5 e4 4. Qe2 Nf6 5. d3 Qxd5 6. Nc3 Bb4 7. Nd2 Bxc3 8.
bxc3 O-O 9. dxe4 Qc5 10. Qd3 Qe7 11. Be2 Re8 12. f3 b6 13. O-O Ba6 14. Qe3 Nd5
15. Qf2 Nxc3 16. Bxa6 Nxa6 17. Bb2 Na4 18. Bd4 c5 19. Be3 Qe6 20. a3 Nc7 21. c4
Nb2 22. Bf4 Rac8 23. Qe2 Red8 24. Ra2 Nd3 25. Bg3 Ne8 26. Rd1 Nf6 27. Rc2 Nh5
28. Nf1 Ndf4 29. Bxf4 Nxf4 30. Rxd8+ Rxd8 31. Qe3 Qe5 32. Rd2 Re8 33. g3 Ne6
34. Kg2 Nd4 35. Rd3 f5 36. exf5 Nxf5 37. Qxe5 Rxe5 38. Rd5 Re2+ 39. Kg1 Nd4 40.
Rd7 Nxf3+ 41. Kh1 Rf2 42. Rd1 h5 43. h4 Ne5 44. Rd5 Re2 {Time forfeit} 0-1

[Event "Rated Blitz game"]
[Site "?"]
[Date "2021.07.24"]
[Round "?"]
[White "rampageJackson"]
[Black "Schachelite"]
[Result "0-1"]
[WhiteElo "2376"]
[BlackElo "2491"]
[PlyCount "20"]
[EventDate "2021.??.??"]
[EventType "blitz"]

1. e4 e5 2. Nf3 d5 3. Nxe5 Bd6 4. d4 dxe4 5. Bc4 Bxe5 6. dxe5 Qxd1+ 7. Kxd1 Nc6
8. Bb5 Bg4+ 9. Ke1 O-O-O 10. Bxc6 Rd1# {Normal} 0-1

[Event "Rated Blitz tournament HsaTniBK"]
[Site "?"]
[Date "2021.07.24"]
[Round "?"]
[White "bessel"]
[Black "geptil"]
[Result "1-0"]
[WhiteElo "2237"]
[BlackElo "2402"]
[PlyCount "103"]
[EventDate "2021.??.??"]
[EventType "blitz"]

1. e4 e5 2. Nf3 d5 3. exd5 e4 4. Nd4 Qxd5 5. Nb3 Nf6 6. Nc3 Qf5 7. Be2 Qg6 8.
g3 Bh3 9. d3 Bb4 10. Be3 Nd5 11. Bd2 Nxc3 12. Bxc3 Bxc3+ 13. bxc3 O-O 14. Qd2
Re8 15. O-O-O Nc6 16. d4 Rad8 17. Rhe1 Bf5 18. h4 Bg4 19. h5 Qxh5 20. Rh1 Qg6
21. Bxg4 Qxg4 22. Rh4 Qg6 23. Rdh1 h6 24. Qf4 Rd6 25. Rg4 Qh7 26. Nc5 f5 27.
Nxb7 fxg4 28. Nxd6 cxd6 29. Qxd6 Ne7 30. Qe6+ Kf8 31. Qxg4 Qg6 32. Qf4+ Kg8 33.
c4 Nc6 34. d5 Nd4 35. Qe3 Nf5 36. Qxa7 Qg5+ 37. Kb1 Qd2 38. g4 Nd4 39. Rc1 Ne2
40. Rh1 Nc3+ 41. Kb2 Nd1+ 42. Kb1 Nc3+ 43. Kb2 Nd1+ 44. Ka3 Qc3+ 45. Ka4 Nb2+
46. Kb5 Qxc4+ 47. Ka5 Qd4 48. Qxd4 Nc4+ 49. Qxc4 Ra8+ 50. Kb4 Rb8+ 51. Kc3 Rc8
52. d6+ {Time forfeit} 1-0

[Event "Rated Blitz game"]
[Site "?"]
[Date "2021.07.24"]
[Round "?"]
[White "fuadzin"]
[Black "om_gendut"]
[Result "0-1"]
[WhiteElo "2222"]
[BlackElo "2486"]
[PlyCount "106"]
[EventDate "2021.??.??"]
[EventType "blitz"]

1. e4 e5 2. Nf3 d5 3. exd5 e4 4. Qe2 Be7 5. Qxe4 Nf6 6. Qa4+ Nbd7 7. Be2 O-O 8.
c3 Nxd5 9. O-O Re8 10. d4 c6 11. Qc2 Bd6 12. Bg5 N7f6 13. Bd3 h6 14. Bd2 Bg4
15. Nh4 Qc7 16. h3 Be6 17. Nf5 Bf4 18. Na3 Bxd2 19. Qxd2 Nf4 20. Ne3 Rad8 21.
Bc4 N6d5 22. Nxd5 cxd5 23. Bb5 Rf8 24. Nc2 a6 25. Ba4 Ng6 26. Ne3 b5 27. Bc2
Nf4 28. Rfe1 Rb8 29. a3 a5 30. Nf1 Nh5 31. Qd3 Nf6 32. Ng3 g6 33. Rxe6 fxe6 34.
Qxg6+ Qg7 35. Qd3 Rbe8 36. Re1 Re7 37. Qxb5 Rfe8 38. Qxa5 Rb8 39. b4 Qf7 40.
Qc5 Rc7 41. Qd6 Re8 42. Bg6 Qxg6 43. Qxc7 h5 44. Qe5 Qf7 45. Nxh5 Nxh5 46. Qg5+
Ng7 47. Re3 Qf5 48. Qg3 Rf8 49. Rf3 Qh7 50. Rxf8+ Kxf8 51. Qd6+ Kg8 52. Qd8+
Kf7 53. Qd7+ Kg6 {Time forfeit} 0-1

[Event "Rated Blitz tournament lmlgdwbs"]
[Site "?"]
[Date "2021.07.24"]
[Round "?"]
[White "DiegoMoreno2007"]
[Black "alaeldin112"]
[Result "0-1"]
[WhiteElo "2416"]
[BlackElo "2383"]
[PlyCount "102"]
[EventDate "2021.??.??"]
[EventType "blitz"]

1. e4 e5 2. Nf3 d5 3. Nxe5 Bd6 4. d4 dxe4 5. Nc4 Nf6 6. c3 O-O 7. Bg5 Re8 8.
Nbd2 Be7 9. Qc2 Nd5 10. Bxe7 Qxe7 11. O-O-O b5 12. Ne3 Nxe3 13. fxe3 a6 14. h4
h6 15. Be2 Bf5 16. Rdf1 Qd7 17. Rf4 Qe6 18. Rhf1 Bh7 19. Rxf7 Qxf7 20. Rxf7
Kxf7 21. Bh5+ g6 22. Nxe4 gxh5 23. Nd6+ cxd6 24. Qxh7+ Ke6 25. Qxh6+ Kd7 26.
Qxh5 Nc6 27. Qf5+ Kc7 28. e4 Rad8 29. h5 Rf8 30. Qh7+ Rd7 31. Qg6 Ne7 32. Qg5
Ng8 33. a4 Nf6 34. Qf5 Rdf7 35. axb5 axb5 36. g4 Nd7 37. Qxb5 Rf1+ 38. Kc2
R8f2+ 39. Kb3 Rb1 40. Qc4+ Kb7 41. Qb5+ Nb6 42. Ka2 Rc1 43. Kb3 Rcc2 44. Ka3
Kc7 45. h6 Rxb2 46. Qxb2 Nc4+ 47. Kb4 Nxb2 48. h7 Rh2 49. g5 Rxh7 50. Kb3 Nd3
51. Kc2 Nf4 {Normal} 0-1

[Event "Rated Blitz tournament 4yXAhBum"]
[Site "?"]
[Date "2021.07.24"]
[Round "?"]
[White "slipperyguy"]
[Black "Lur15"]
[Result "0-1"]
[WhiteElo "2551"]
[BlackElo "2336"]
[PlyCount "130"]
[EventDate "2021.??.??"]
[EventType "blitz"]

1. e4 e5 2. Nf3 d5 3. Nxe5 Bd6 4. d4 dxe4 5. Nc3 Bxe5 6. dxe5 Qxd1+ 7. Nxd1 Nc6
8. Bf4 Nge7 9. Bb5 Bd7 10. Bg3 O-O-O 11. Nc3 Nxe5 12. Bxe5 Bxb5 13. Nxb5 Rd5
14. Bxg7 Rg8 15. Nc3 Rxg7 16. Nxd5 Nxd5 17. Rg1 Nf4 18. g3 Ne6 19. O-O-O f5 20.
Rgf1 c6 21. f3 e3 22. Rde1 f4 23. gxf4 Nxf4 24. Rxe3 Rg2 25. Rfe1 Rxh2 26. Re8+
Kc7 27. R1e7+ Kb6 28. Rh8 h5 29. Rf7 Ne2+ 30. Kd2 Nd4+ 31. Kd3 Nxc2 32. f4 Nb4+
33. Kc4 a5 34. f5 Rc2+ 35. Kd4 Rd2+ 36. Ke3 Rxb2 37. Rxh5 Nd5+ 38. Kf3 Rxa2 39.
Rhh7 Ra3+ 40. Kg4 Kc5 41. f6 Ra1 42. Kf5 Rf1+ 43. Kg6 b5 44. Ra7 Rxf6+ 45. Kg5
a4 46. Rhd7 Rf1 47. Rh7 Rg1+ 48. Kf5 Rd1 49. Ra6 Rf1+ 50. Ke4 Rf6 51. Rh1 Re6+
52. Kf5 Re3 53. Rc1+ Rc3 54. Rh1 a3 55. Ke5 b4 56. Ke6 Kb5 57. Ra8 Nb6 58. Rb8
a2 59. Rh5+ c5 60. Rh1 Ra3 61. Ra1 b3 62. Kd6 b2 63. Rg1 b1=Q 64. Rg5 Qd3+ 65.
Kc7 Qd7# {Normal} 0-1

[Event "Rated Blitz game"]
[Site "?"]
[Date "2021.07.24"]
[Round "?"]
[White "Emilherman"]
[Black "karenamini_kish"]
[Result "0-1"]
[WhiteElo "2512"]
[BlackElo "2397"]
[PlyCount "56"]
[EventDate "2021.??.??"]
[EventType "blitz"]

1. e4 e5 2. Nf3 d5 3. exd5 e4 4. Qe2 Qe7 5. Nd4 Nf6 6. c4 Bg4 7. f3 exf3 8.
gxf3 Bd7 9. Nc3 Na6 10. d3 O-O-O 11. Qxe7 Bxe7 12. Be3 Rhe8 13. Kd2 h6 14. a3
g5 15. b4 Nh5 16. Ndb5 f5 17. Nxa7+ Kb8 18. Nab5 c6 19. dxc6 Bxc6 20. Ba7+ Ka8
21. Bb6 Rd7 22. Bh3 g4 23. fxg4 Nf4 24. Rhe1 Rxd3+ 25. Kc2 Rxh3 26. gxf5 Rxh2+
27. Kb3 Nd3 28. Nd4 Rb2# {Normal} 0-1

[Event "Rated Classical game"]
[Site "?"]
[Date "2021.07.24"]
[Round "?"]
[White "chess_lover2020"]
[Black "LanBrak"]
[Result "1/2-1/2"]
[WhiteElo "2478"]
[BlackElo "2467"]
[PlyCount "154"]
[EventDate "2021.??.??"]

1. e4 e5 2. Nf3 d5 3. exd5 e4 4. Qe2 Nf6 5. d3 Bb4+ 6. Bd2 O-O 7. dxe4 Re8 8.
e5 Nxd5 9. Qe4 Nc6 10. Bc4 Nf6 11. Qf4 Bd6 12. Bc3 Qe7 13. O-O Nxe5 14. Nxe5
Bxe5 15. Bxe5 Qxe5 16. Qxe5 Rxe5 17. Nc3 Bf5 18. Bb3 Rae8 19. f3 c6 20. Rad1 a5
21. a4 b5 22. Rd6 b4 23. Nb1 Rc5 24. Nd2 Bxc2 25. Rc1 Bxb3 26. Rxc5 Bxa4 27.
Nc4 Bb5 28. Nxa5 Re1+ 29. Kf2 Re2+ 30. Kg3 h6 31. Nxc6 Bxc6 32. Rdxc6 Rxb2 33.
Rc7 g5 34. Kh3 Nh5 35. g3 Nf6 36. Rb5 Rb3 37. Rbb7 Rxf3 38. Rxf7 g4+ 39. Kg2 h5
40. Rfc7 Ne8 41. Rc8 Re3 42. Rxb4 Kh7 43. Rc6 Re2+ 44. Kg1 Re1+ 45. Kf2 Re7 46.
Rb5 Rf7+ 47. Kg2 Ng7 48. Rcb6 Nf5 49. Re5 Kg7 50. h3 Rf6 51. Rb7+ Kg6 52. hxg4
hxg4 53. Rbb5 Rf8 54. Re4 Nh6 55. Re6+ Rf6 56. Re4 Rf5 57. Rb6+ Rf6 58. Rb8 Rf5
59. Rf4 Rc5 60. Rf2 Nf5 61. Rg8+ Kh5 62. Kh2 Rb5 63. Ra2 Rc5 64. Ra7 Rc2+ 65.
Kg1 Rc3 66. Rh7+ Nh6 67. Rgh8 Rxg3+ 68. Kh2 Rh3+ 69. Kg2 Kg5 70. Rg7+ Kf4 71.
Rf8+ Nf5 72. Rxg4+ Kxg4 73. Rg8+ Kh4 74. Rh8+ Kg4 75. Rxh3 Nh4+ 76. Kh2 Nf3+
77. Rxf3 Kxf3 {Normal} 1/2-1/2

[Event "Rated Blitz game"]
[Site "?"]
[Date "2021.07.24"]
[Round "?"]
[White "Jens1102"]
[Black "mirekkk14"]
[Result "0-1"]
[WhiteElo "2545"]
[BlackElo "2418"]
[PlyCount "132"]
[EventDate "2021.??.??"]
[EventType "blitz"]

1. e4 e5 2. Nf3 d5 3. exd5 e4 4. Nd4 Qxd5 5. Nb3 Bb4 6. a3 Ba5 7. Nxa5 Qxa5 8.
b4 Qb6 9. Bb2 Nf6 10. Nc3 O-O 11. Be2 Re8 12. O-O Bf5 13. Na4 Qd6 14. Nc5 b6
15. Nb3 Nbd7 16. c4 c5 17. Qc2 Bg6 18. Qc3 Ne5 19. Rad1 Nd3 20. Bxd3 exd3 21.
Rde1 Re2 22. Rxe2 dxe2 23. Re1 Re8 24. f3 h5 25. d4 cxd4 26. Nxd4 h4 27. Rxe2
Rxe2 28. Nxe2 h3 29. Qd4 Qe6 30. Qd8+ Kh7 31. Qd2 hxg2 32. Nf4 Qf5 33. Nxg6
Qxg6 34. Qxg2 Qb1+ 35. Kf2 Qxb2+ 36. Kg3 Qxg2+ 37. Kxg2 Kg6 38. Kg3 Kf5 39. h4
Nd7 40. Kf2 Kf4 41. Ke2 a5 42. Kd3 Kxf3 43. Kd4 f5 44. Kd5 axb4 45. axb4 f4 46.
Kd6 Nb8 47. Kc7 Na6+ 48. Kxb6 Nxb4 49. Kb5 Nd3 50. c5 Nxc5 51. Kxc5 Kg2 52. Kd5
f3 53. Ke5 f2 54. Kf5 f1=Q+ 55. Kg6 Qf6+ 56. Kh7 Qh6+ 57. Kg8 g6 58. Kf7 Qxh4
59. Kg8 Qf6 60. Kh7 g5 61. Kg8 Kf2 62. Kh7 g4 63. Kg8 g3 64. Kh7 g2 65. Kg8
g1=Q+ 66. Kh7 Qgg6# {Normal} 0-1

[Event "Rated Blitz tournament HsaTniBK"]
[Site "?"]
[Date "2021.07.24"]
[Round "?"]
[White "TOLECeK"]
[Black "geptil"]
[Result "1/2-1/2"]
[WhiteElo "2217"]
[BlackElo "2403"]
[PlyCount "127"]
[EventDate "2021.??.??"]
[EventType "blitz"]

1. e4 e5 2. Nf3 d5 3. exd5 e4 4. Ne5 Qxd5 5. d4 exd3 6. Nxd3 Nf6 7. Nc3 Qe6+ 8.
Be2 Nc6 9. O-O Be7 10. Re1 O-O 11. Bf3 Qd7 12. Bf4 Bd6 13. Qc1 Nd4 14. Bd1 Ng4
15. h3 Nf6 16. Bg5 Be7 17. Bxf6 Bxf6 18. Nc5 Qc6 19. N3e4 Be7 20. Nd3 Bf5 21.
Ng3 Bxd3 22. cxd3 Bc5 23. b4 Bxb4 24. Qxc6 Nxc6 25. Re4 Bd6 26. Bb3 Bxg3 27.
fxg3 Rad8 28. Rd1 Rd4 29. Rxd4 Nxd4 30. Bc4 Re8 31. Rd2 h6 32. Kf2 Re5 33. Rb2
b6 34. g4 c5 35. a4 Re7 36. a5 Rb7 37. a6 Re7 38. Bd5 Kf8 39. Rxb6 axb6 40. Bb7
Nb5 41. Kf3 Na7 42. h4 Ke8 43. g5 Kd8 44. gxh6 gxh6 45. Kf4 Re6 46. g4 Kc7 47.
g5 hxg5+ 48. hxg5 Nb5 49. Kf5 Nd4+ 50. Kf4 Rg6 51. Kg4 Ne6 52. Kh5 Rxg5+ 53.
Kh4 Rg1 54. Kh3 Rd1 55. Kh2 Rxd3 56. Kg2 Ra3 57. Kf2 Rxa6 58. Ke2 b5 59. Kd2
Rb6 60. Kc2 Rxb7 61. Kd3 b4 62. Kc2 c4 63. Kb2 b3 64. Kc1 {Time forfeit}
1/2-1/2

[Event "Rated Blitz game"]
[Site "?"]
[Date "2021.07.24"]
[Round "?"]
[White "ANDSANGARZON-1114"]
[Black "Schachelite"]
[Result "0-1"]
[WhiteElo "2417"]
[BlackElo "2480"]
[PlyCount "56"]
[EventDate "2021.??.??"]
[EventType "blitz"]

1. e4 e5 2. Nf3 d5 3. exd5 e4 4. Nd4 Qxd5 5. Nb3 Bd6 6. Nc3 Qe5 7. Be2 Nf6 8.
d4 exd3 9. Qxd3 O-O 10. f4 Qe7 11. O-O Nc6 12. a3 Re8 13. Bf3 a6 14. Bd2 Be6
15. Rfe1 Rad8 16. Qf1 Qd7 17. Rad1 Bxb3 18. cxb3 Nd4 19. Bxb7 c6 20. Bxa6 Qa7
21. Be3 Rxe3 22. Rxe3 Nf5 23. Qf2 Nxe3 24. Re1 Bc5 25. Kh1 Qxa6 26. b4 Bd4 27.
Rxe3 Bxe3 28. Qxe3 Qd3 {Normal} 0-1

[Event "Rated Blitz game"]
[Site "?"]
[Date "2021.07.24"]
[Round "?"]
[White "alidomat"]
[Black "artsportscience"]
[Result "0-1"]
[WhiteElo "2406"]
[BlackElo "2396"]
[PlyCount "144"]
[EventDate "2021.??.??"]
[EventType "blitz"]

1. e4 e5 2. Nf3 d5 3. exd5 e4 4. Qe2 Nf6 5. Nc3 Be7 6. Nxe4 O-O 7. Nc3 Bb4 8.
Qc4 Bxc3 9. dxc3 Nxd5 10. Be2 Nc6 11. O-O Be6 12. Bg5 Qd7 13. Rad1 f6 14. Bh4
Qf7 15. Qb5 Nf4 16. Rfe1 Nxe2+ 17. Qxe2 Bg4 18. h3 Bh5 19. Rd3 Qxa2 20. b3 Ne5
21. Re3 Bxf3 22. gxf3 Qa5 23. f4 Ng6 24. Bg3 Qf5 25. Kh2 Nxf4 26. Qf3 Qxh3+ 27.
Kg1 Ng6 28. Qd5+ Kh8 29. Bxc7 Qg4+ 30. Rg3 Qh4 31. Kg2 Rae8 32. Rh1 Nf4+ 33.
Bxf4 Qxf4 34. Qh5 Qe4+ 35. Rf3 Qxc2 36. c4 Kg8 37. Qg4 Qg6 38. Qxg6 hxg6 39.
Rfh3 Kf7 40. Rd3 Re7 41. Rhd1 Rfe8 42. Kf3 b6 43. b4 f5 44. Rc3 g5 45. c5 bxc5
46. bxc5 Re4 47. c6 g4+ 48. Kg2 R4e7 49. Rdc1 Rc7 50. Rc5 Rec8 51. Rxf5+ Ke6
52. Rfc5 Kd6 53. Rg5 Rxc6 54. Rd1+ Kc7 55. Rxg7+ Kb6 56. Rxg4 a5 57. Ra4 Ka6
58. Rb1 Rb6 59. Rba1 Rb5 60. Rd4 Rcb8 61. Re1 R8b6 62. Rd6 Rxd6 63. Re7 Rdb6
64. Re3 a4 65. Re7 Rb4 66. Re8 Ka5 67. Ra8+ Kb5 68. Rd8 a3 69. Rd5+ Ka4 70. Rd1
a2 71. Rd4 Rxd4 72. Kf3 a1=Q {Time forfeit} 0-1

[Event "Rated Blitz game"]
[Site "?"]
[Date "2021.07.24"]
[Round "?"]
[White "Babnik"]
[Black "mirekkk14"]
[Result "0-1"]
[WhiteElo "2474"]
[BlackElo "2410"]
[PlyCount "46"]
[EventDate "2021.??.??"]
[EventType "blitz"]

1. e4 e5 2. Nf3 d5 3. exd5 e4 4. Qe2 Nf6 5. Nc3 Be7 6. Nxe4 O-O 7. d4 Re8 8.
Nxf6+ Bxf6 9. Be3 Qxd5 10. c4 Qa5+ 11. Qd2 Qb6 12. O-O-O Nc6 13. d5 Qa6 14.
dxc6 Qxa2 15. Bd3 bxc6 16. Bb1 Qa1 17. Bd4 Bf5 18. Qc2 Bxc2 19. Kxc2 Re2+ 20.
Kd3 Rae8 21. Bxf6 gxf6 22. Rhe1 Rxe1 23. Rxe1 Rxe1 {Normal} 0-1

[Event "Rated Blitz game"]
[Site "?"]
[Date "2021.07.24"]
[Round "?"]
[White "Emilherman"]
[Black "karenamini_kish"]
[Result "1-0"]
[WhiteElo "2490"]
[BlackElo "2419"]
[PlyCount "119"]
[EventDate "2021.??.??"]
[EventType "blitz"]

1. e4 e5 2. Nf3 d5 3. exd5 e4 4. Qe2 Qe7 5. Nd4 Nf6 6. Nc3 Bg4 7. f3 exf3 8.
Nxf3 Nbd7 9. Qxe7+ Bxe7 10. Bb5 O-O-O 11. O-O h5 12. d4 h4 13. h3 Bxf3 14. Rxf3
Nb6 15. Be3 Nbxd5 16. Nxd5 Nxd5 17. Bf2 Bf6 18. c3 c6 19. Bd3 Rhe8 20. Re1
Rxe1+ 21. Bxe1 Re8 22. Bd2 Kc7 23. Rf1 Kd6 24. Kf2 b5 25. Re1 Rxe1 26. Kxe1 a5
27. Kf2 a4 28. a3 Nb6 29. Kf3 Be7 30. Bf4+ Kd5 31. Be4+ Kc4 32. Bxc6 Nd5 33.
Bc1 Nc7 34. Ke4 Bd6 35. d5 g6 36. Bf4 f5+ 37. Kf3 Bxf4 38. Kxf4 Kb3 39. d6 Ne6+
40. Ke5 Nd8 41. Bxb5 Nf7+ 42. Ke6 Nxd6 43. Kxd6 Kxb2 44. c4 Kxa3 45. c5 Kb4 46.
Bxa4 Kxa4 47. c6 f4 48. c7 f3 49. gxf3 g5 50. c8=Q Kb4 51. Qg4+ Kb5 52. Qxg5+
Kb6 53. f4 Kb7 54. f5 Kb6 55. f6 Kb7 56. f7 Kb8 57. f8=Q+ Kb7 58. Qfe7+ Kb6 59.
Qc5+ Ka6 60. Qea7# {Normal} 1-0

[Event "Rated Blitz game"]
[Site "?"]
[Date "2021.07.24"]
[Round "?"]
[White "chef26"]
[Black "BrilliantGambiteer"]
[Result "1/2-1/2"]
[WhiteElo "2384"]
[BlackElo "2408"]
[PlyCount "80"]
[EventDate "2021.??.??"]
[EventType "blitz"]

1. e4 e5 2. Nf3 d5 3. Nxe5 Bd6 4. d4 dxe4 5. Bb5+ Nd7 6. O-O Ngf6 7. Bg5 O-O 8.
Bxd7 Bxd7 9. Nxd7 Qxd7 10. Bxf6 gxf6 11. Nc3 f5 12. Qh5 Qe6 13. Rfe1 Qg6 14.
Qh3 Kh8 15. Nb5 Rg8 16. Nxd6 cxd6 17. c4 Rg7 18. Re3 Qg4 19. Qxg4 Rxg4 20. Rg3
Rag8 21. Rxg4 fxg4 22. Kf1 f5 23. Ke2 f4 24. b4 Kg7 25. c5 d5 26. b5 Kf6 27. a4
Ke6 28. a5 Kd7 29. a6 Kc7 30. axb7 Kxb7 31. Ra6 Rg6 32. Rxg6 hxg6 33. h3 gxh3
34. gxh3 g5 35. Kf1 Kc7 36. Ke2 Kb7 37. Kd2 Kc7 38. Kc3 Kb7 39. Kd2 Kc7 40. Ke2
Kb7 {Normal} 1/2-1/2

[Event "Rated Blitz game"]
[Site "?"]
[Date "2021.07.24"]
[Round "?"]
[White "Misi_95"]
[Black "Erow"]
[Result "1-0"]
[WhiteElo "2694"]
[BlackElo "2768"]
[PlyCount "139"]
[EventDate "2021.??.??"]
[EventType "blitz"]

1. e4 e5 2. Nf3 d5 3. d4 dxe4 4. Nxe5 Bd6 5. Nc3 Bxe5 6. dxe5 Qxd1+ 7. Nxd1 Nc6
8. Bf4 Be6 9. Nc3 O-O-O 10. a3 Nd4 11. Rc1 Ne7 12. Nxe4 Ng6 13. Be3 Bf5 14.
Bxd4 Bxe4 15. c3 Rhe8 16. f3 Bc6 17. Kf2 Nxe5 18. Be2 f6 19. Rhe1 a6 20. Bf1
Ng6 21. Rxe8 Rxe8 22. Bd3 Nf4 23. Bf1 Bb5 24. c4 Ba4 25. g3 Ne6 26. Be3 Bc6 27.
b4 Rd8 28. b5 axb5 29. cxb5 Bd5 30. Bh3 g6 31. a4 f5 32. a5 Kb8 33. a6 bxa6 34.
bxa6 c5 35. Bxc5 Nxc5 36. Rxc5 Rd6 37. Bf1 Bc6 38. Re5 Rd2+ 39. Re2 Rd7 40. Re6
Bd5 41. Rf6 Ka7 42. h4 Ba8 43. Be2 Rc7 44. h5 Rg7 45. h6 Rc7 46. Rf8 Bd5 47.
Rd8 Be6 48. Ke3 Re7 49. Kf4 Bf7 50. Bd3 Rc7 51. Kg5 Bb3 52. Kf6 Rf7+ 53. Kg5
Rc7 54. Re8 Bf7 55. Re3 Bd5 56. Kf6 Rf7+ 57. Ke5 Re7+ 58. Kd4 Rd7 59. Kc5 Ba8
60. Bb5 Rd5+ 61. Kc4 Rd6 62. Kc5 Rd5+ 63. Kb4 Kb6 64. Re6+ Kc7 65. Ka4 Rd4+ 66.
Ka5 Bxf3 67. Re7+ Kd6 68. Rxh7 Kc5 69. Rc7+ Kd6 70. Rc3 {Normal} 1-0

[Event "Rated Blitz tournament lmlgdwbs"]
[Site "?"]
[Date "2021.07.24"]
[Round "?"]
[White "Cazulo97"]
[Black "om_gendut"]
[Result "0-1"]
[WhiteElo "2382"]
[BlackElo "2484"]
[PlyCount "84"]
[EventDate "2021.??.??"]
[EventType "blitz"]

1. e4 e5 2. Nf3 d5 3. exd5 e4 4. Qe2 Be7 5. Qxe4 Nf6 6. Qa4+ Nbd7 7. c4 O-O 8.
d4 a6 9. Qc2 b5 10. b3 Bb7 11. Bd3 c6 12. dxc6 Bxc6 13. d5 Bb7 14. O-O Rc8 15.
Qd1 Bd6 16. Bb2 Qb6 17. Nbd2 bxc4 18. Nxc4 Qc7 19. Bf5 Rcd8 20. Qd2 Bxd5 21.
Qg5 Bf4 22. Qh4 h6 23. Rad1 Bxf3 24. gxf3 Bg5 25. Qg3 Bf4 26. Qh4 Bg5 27. Qg3
Qf4 28. Rd4 Qxf5 29. Rfd1 Ra8 30. h4 Nh5 31. Qg4 Qxg4+ 32. fxg4 Bf6 33. Rxd7
Bxb2 34. Nxb2 Nf6 35. Rb7 Nxg4 36. Rdd7 Ne5 37. Re7 Nf3+ 38. Kf1 Nxh4 39. Nc4
Ng6 40. Rec7 Rac8 41. Nd6 Rxc7 42. Rxc7 Ne5 {Time forfeit} 0-1

[Event "Rated Blitz game"]
[Site "?"]
[Date "2021.07.24"]
[Round "?"]
[White "Anaari"]
[Black "Schachelite"]
[Result "0-1"]
[WhiteElo "2366"]
[BlackElo "2464"]
[PlyCount "104"]
[EventDate "2021.??.??"]
[EventType "blitz"]

1. e4 e5 2. Nf3 d5 3. d4 dxe4 4. Nxe5 Bd6 5. Nc4 Nf6 6. Be2 O-O 7. O-O Nc6 8.
Ne3 Nxd4 9. Nc3 Re8 10. Nc4 Nxe2+ 11. Qxe2 Bg4 12. Qe3 Bb4 13. h3 Bh5 14. a3
Bxc3 15. Qxc3 Be2 16. Re1 Nd5 17. Qb3 Bxc4 18. Qxc4 Nb6 19. Qb3 Qd5 20. Qg3 c6
21. Be3 Nc4 22. Rad1 Qe5 23. Qg4 Nxe3 24. fxe3 Qxb2 25. Rd7 Qxa3 26. Rf1 Qxe3+
27. Kh1 Rf8 28. Rxb7 a5 29. Re7 Qc5 30. Rxe4 Qxc2 31. Re7 a4 32. Qd7 Qc4 33.
Ra1 a3 34. Qb7 a2 35. Qb2 h6 36. Re2 Rfb8 37. Qd2 Rb1+ 38. Re1 Rxa1 39. Rxa1
Qb3 40. Kh2 Qb8+ 41. Kh1 Qb1+ 42. Rxb1 axb1=Q+ 43. Kh2 Qb8+ 44. Kg1 Ra1+ 45.
Kf2 Qb6+ 46. Kg3 Qc7+ 47. Kh4 Qe5 48. g4 Qf6+ 49. Kg3 Ra3+ 50. Kg2 Qf3+ 51. Kg1
Ra1+ 52. Kh2 Rh1# {Normal} 0-1

[Event "Rated Blitz game"]
[Site "?"]
[Date "2021.07.24"]
[Round "?"]
[White "Dina1975"]
[Black "mirekkk14"]
[Result "1-0"]
[WhiteElo "2422"]
[BlackElo "2421"]
[PlyCount "53"]
[EventDate "2021.??.??"]
[EventType "blitz"]

1. e4 e5 2. Nf3 d5 3. exd5 e4 4. Nd4 Qxd5 5. Nb3 Nf6 6. Nc3 Qe5 7. Be2 a6 8. d4
exd3 9. Qxd3 Bf5 10. Qe3 Qxe3 11. Bxe3 Bxc2 12. Nd4 Bg6 13. O-O-O Bd6 14. Bf3
c6 15. Nxc6 Nxc6 16. Rxd6 Rc8 17. Rhd1 O-O 18. Bg5 Ne8 19. Rd7 f6 20. Bf4 b5
21. Bd5+ Bf7 22. Kb1 Bxd5 23. Nxd5 Rf7 24. Nb6 g5 25. Rxf7 Kxf7 26. Nxc8 gxf4
27. Nd6+ {Normal} 1-0

[Event "Rated Blitz game"]
[Site "?"]
[Date "2021.07.24"]
[Round "?"]
[White "Shurman-kgn"]
[Black "blastol"]
[Result "0-1"]
[WhiteElo "2433"]
[BlackElo "2396"]
[PlyCount "70"]
[EventDate "2021.??.??"]
[EventType "blitz"]

1. e4 e5 2. Nf3 d5 3. exd5 Bd6 4. Bb5+ c6 5. dxc6 bxc6 6. Ba4 e4 7. Qe2 Nf6 8.
d3 O-O 9. dxe4 Nxe4 10. O-O Re8 11. Qd3 Ba6 12. c4 Nc5 13. Qc2 Qa5 14. Bb3 Nbd7
15. Bd2 Qc7 16. Nc3 Nb6 17. Na4 Ne4 18. Ba5 c5 19. Nc3 Nf6 20. Nb5 Qc6 21. Nxd6
Qxd6 22. Rad1 Qf4 23. Bd2 Qg4 24. h3 Qh5 25. Bf4 Bb7 26. Qc3 Ne4 27. Qa5 h6 28.
Rfe1 g5 29. Bh2 g4 30. hxg4 Qxg4 31. Ne5 Qf5 32. f3 Ng5 33. Ng4 Nxf3+ 34. gxf3
Qxf3 35. Nf2 Qg2# {Normal} 0-1

[Event "Rated Blitz game"]
[Site "?"]
[Date "2021.07.24"]
[Round "?"]
[White "rikchess"]
[Black "Schachelite"]
[Result "0-1"]
[WhiteElo "2387"]
[BlackElo "2495"]
[PlyCount "110"]
[EventDate "2021.??.??"]
[EventType "blitz"]

1. e4 e5 2. Nf3 d5 3. Nc3 d4 4. Ne2 Bd6 5. d3 Nc6 6. c3 Nge7 7. cxd4 exd4 8.
Ng3 O-O 9. Be2 f5 10. exf5 Nxf5 11. Ne4 Bb4+ 12. Bd2 Be6 13. O-O Bd5 14. Bxb4
Nxb4 15. Nc5 b6 16. Nb3 c5 17. a3 Nc6 18. Nbd2 Qc7 19. Re1 Rae8 20. Rc1 Qf4 21.
Bf1 Ne5 22. Nxe5 Rxe5 23. Rxe5 Qxe5 24. Qe1 Qf4 25. g3 Qd6 26. Ne4 Bxe4 27.
dxe4 Ne7 28. Bc4+ Kh8 29. e5 Qd7 30. f4 b5 31. e6 Qc6 32. Bd3 c4 33. Qe4 Qxe4
34. Bxe4 g6 35. a4 a6 36. Kg2 Kg7 37. axb5 axb5 38. b3 Rc8 39. Bd3 cxd3 40. Rd1
Rc3 41. b4 Kf6 42. Kf3 Kxe6 43. Ke4 Nc6 44. g4 Nxb4 45. f5+ gxf5+ 46. gxf5+ Kf6
47. Kxd4 Rc4+ 48. Ke3 Kxf5 49. Rg1 Re4+ 50. Kd2 Re2+ 51. Kc3 d2 52. Rd1 Nd5+
53. Kd3 Rxh2 54. Rxd2 Rxd2+ 55. Kxd2 h5 {Normal} 0-1

[Event "Rated Blitz tournament FovFlMHX"]
[Site "?"]
[Date "2021.07.24"]
[Round "?"]
[White "harrynelsonpilsbury"]
[Black "txebyshev"]
[Result "0-1"]
[WhiteElo "2222"]
[BlackElo "2416"]
[PlyCount "76"]
[EventDate "2021.??.??"]
[EventType "blitz"]

1. e4 e5 2. Nf3 d5 3. Nxe5 Bd6 4. d4 dxe4 5. Nc3 Bxe5 6. dxe5 Qxd1+ 7. Kxd1 Nc6
8. Bb5 Bd7 9. Nxe4 O-O-O 10. Bf4 Nxe5 11. Bxd7+ Rxd7+ 12. Kc1 Ng6 13. Be3 N8e7
14. Rd1 Rhd8 15. Rxd7 Rxd7 16. c4 b6 17. f3 Nf5 18. Bf2 Ne5 19. b3 Nd3+ 20. Kc2
Nxf2 21. Nxf2 Ne3+ 22. Kc3 c5 23. g3 Nf5 24. Rd1 Nd4 25. f4 Re7 26. Rd2 Re3+
27. Nd3 Kc7 28. Kb2 f6 29. a4 Nf3 30. Rd1 Nxh2 31. Kc2 Nf3 32. Rh1 Nd4+ 33. Kd2
Re2+ 34. Kd1 h6 35. f5 Ra2 36. Nc1 Ra1 37. Kd2 Nxb3+ 38. Kc2 Rxc1+ {Normal} 0-1